| 000 | 00986nam a2200241 a 4500 | ||
|---|---|---|---|
| 001 | 41280 | ||
| 003 | BD-RjUL | ||
| 005 | 20211209053346.0 | ||
| 008 | 160528s1977 ii ||||| |||| 001 0dben d | ||
| 020 | _c: IRs 20.00 | ||
| 035 | _a(BD-RjUL)41397 | ||
| 040 |
_aBD-RjUL _bben _cBD-RjUL _dBD-RjUL |
||
| 041 | _aben | ||
| 082 |
_223 _a891.4409 _bGUB 1977 |
||
| 100 | 1 |
_aগুপ্ত, রবীন্দ্রনাথ _9126983 |
|
| 245 | 1 | 0 |
_aবঙ্গদর্শন ও বাংলা সাহিত্য / _cরবীন্দ্রনাথ গুপ্ত |
| 260 |
_aকলিকাতা : _bসুকুমার দাস, _c১৯৭৭ |
||
| 300 |
_a[৩০], ৩০২ পৃ. ; _c২১ সেমি. |
||
| 500 | _aনির্ঘন্ট সম্বলিত | ||
| 650 |
_aবাংলা সাহিত্য _xইতিহাস ও সমালোচনা _9126984 |
||
| 650 |
_aBengali Literature _xHistory and criticism _9126985 |
||
| 942 |
_2ddc _cBK |
||
| 999 |
_c41280 _d41280 |
||